000
00298nam a2200097Ia 4500
082
_a
EF SHOR
245
0
_a
The three trillion dollar war : the true cost of the Iraq conflict
100
_a
STIGLITZ, Joseph E. London, 2009
_9
79431
942
_c
BK
008
210817s9999 xx 000 0 und d
999
_c
276969
_d
276969